000 00500nam a2200169Ia 4500
003 Ost
005 20260507075658.0
008 260507s9999||||xx |||||||||||||| ||und||
020 _a7575499977
040 _cfsecg
041 _aara
100 _aماهوني، فرانسيس
_eمؤلف
245 0 _aثلاثية ادارة الجودة الشاملة TQM /
_c فرانسيس ماهوني
260 _aالقاهرة:
_bدار الفجر,
_c2001
300 _a312 صفحة؛
942 _cكتاب
999 _c45755
_d45755